Escriba los números del 1 al 100 - Statistics

General Stats
  • This quiz has been taken 79 times
  • The average score is 39 of 100
Answer Stats
Hint Answer % Correct
1 uno
89%
2 dos
87%
3 tres
87%
5 cinco
74%
6 seis
68%
4 cuatro
61%
8 ocho
61%
7 siete
61%
10 diez
58%
9 nueve
58%
12 doce
55%
11 once
55%
13 trece
55%
14 catorce
50%
15 quince
50%
20 veinte
47%
21 veintiuno
47%
19 diecinueve
45%
18 dieciocho
45%
16 dieciséis
45%
17 diecisiete
45%
24 veinticuatro
45%
22 veintidós
45%
23 veintitrés
45%
25 veinticinco
42%
26 veintiséis
42%
27 veintisiete
42%
30 treinta
39%
29 veintinueve
39%
28 veintiocho
39%
32 treinta y dos
37%
33 treinta y tres
37%
31 treinta y uno
37%
35 treinta y cinco
34%
34 treinta y cuatro
34%
39 treinta y nueve
34%
38 treinta y ocho
34%
36 treinta y seis
34%
37 treinta y siete
34%
100 cien
32%
50 cincuenta
32%
55 cincuenta y cinco
32%
54 cincuenta y cuatro
32%
52 cincuenta y dos
32%
59 cincuenta y nueve
32%
58 cincuenta y ocho
32%
56 cincuenta y seis
32%
57 cincuenta y siete
32%
53 cincuenta y tres
32%
51 cincuenta y uno
32%
40 cuarenta
32%
45 cuarenta y cinco
32%
44 cuarenta y cuatro
32%
42 cuarenta y dos
32%
49 cuarenta y nueve
32%
48 cuarenta y ocho
32%
46 cuarenta y seis
32%
47 cuarenta y siete
32%
43 cuarenta y tres
32%
41 cuarenta y uno
32%
90 noventa
32%
95 noventa y cinco
32%
94 noventa y cuatro
32%
92 noventa y dos
32%
99 noventa y nueve
32%
98 noventa y ocho
32%
96 noventa y seis
32%
97 noventa y siete
32%
93 noventa y tres
32%
91 noventa y uno
32%
80 ochenta
32%
85 ochenta y cinco
32%
84 ochenta y cuatro
32%
82 ochenta y dos
32%
89 ochenta y nueve
32%
88 ochenta y ocho
32%
86 ochenta y seis
32%
87 ochenta y siete
32%
83 ochenta y tres
32%
81 ochenta y uno
32%
60 sesenta
32%
65 sesenta y cinco
32%
64 sesenta y cuatro
32%
62 sesenta y dos
32%
69 sesenta y nueve
32%
68 sesenta y ocho
32%
66 sesenta y seis
32%
67 sesenta y siete
32%
63 sesenta y tres
32%
61 sesenta y uno
32%
70 setenta
32%
75 setenta y cinco
32%
74 setenta y cuatro
32%
72 setenta y dos
32%
79 setenta y nueve
32%
78 setenta y ocho
32%
76 setenta y seis
32%
77 setenta y siete
32%
73 setenta y tres
32%
71 setenta y uno
32%
No matching quizzes found
Score Distribution
Percent of People with Each Score
Percentile by Number Answered
Your Score History
You have not taken this quiz